000 02307nam a2200313 a 4500
001 BRCA_2447
005 20190320203820.0
008 181108s1814----fr-a---###---#000-0dspa-u
041 _aspa
044 _afr
084 _a088
_b.B677
_c1814
100 1 _aCervantes Saavedra, Miguel de
_d1547-1616
_9213
245 1 0 _aEl Ingenioso Hidalgo Don Quixote de la Mancha
_ccompuesto por Miguel de Cervantes Saavedra bajo la dirección de José René Masson.
260 _aParís : Londres
_bBossange y Masson
_c1814
300 _a7 v.
_bil.
_c15 cm.
500 _aContenido : v 1. Retrato de Cervantes. Advertencia de los editores. Licencia de S. M.. Prólogo de la Real Academia. Vida de Cervantes y análisis del Quixote por V. de los Ríos. -- v 2. Primera parte. Principios de la edición príncipe. Dedicatoria. Prólogo del autor. Versos preliminares. Texto -- v 3. Texto. -- v 4. Texto. -- v 5. Segunda parte. Principios de la edición príncipe. Dedicatoria. Prólogo del autor. Texto. -- v 6. Texto. -- v 7. Texto
500 _aEdición : Nueva edición, conforme en todo a la de la Real Academia Española hecha en Madrid en 1782. Además del Juicio crítico y análisis del Quixote. Plan cronológico de sus viajes, la Vida de Cervantes y los documentos que la comprueban, comprehendidos en la dicha edición de la Academia, se han añadido a esta las notas críticas y curiosas. Don Quijote
500 _aExceptuando las notas de J. A. Pellicer que se adicionaron, en todo lo demás es una copia de la edición de la Academia de 1782, con las mismas láminas reducidas a menor tamaño y grabadas de nuevo por artistas franceses. Tanto en la parte literaria como en la tipográfica, se nota el cariño y esmero con que fue hecha esta edición. Semipiel; lomeras adornadas con filetes y letras dorados Lúdovik Osterc
500 _aQM71
650 1 4 _aNovela española
_yÉpoca clásica, 1500-1700
_9215
650 1 4 _aLiteratura española
_yÉpoca clásica, 1500-1700
_9216
650 1 4 _aNovela española
_ySiglo XVII
_9217
650 1 4 _aDon Quijote (Personaje ficticio)
_eNovela
_9218
700 1 _aMasson, José René
_eImpresor
_97145
700 1 _aRíos, Vicente de los
_d1732-1779
_eBiógrafo
_97146
740 0 _aEl Ingenioso Hidalgo Don Quijote de la Mancha
902 _aQFM
942 _2lcc
_cB
999 _c2188
_d2188